| 000 | 00399nam a2200133Ia 4500 | ||
|---|---|---|---|
| 008 | 211109s9999||||xx |||||||||||||| ||und|| | ||
| 082 |
_a342.020954 _bPYL-I |
||
| 100 | _aPylee, M V | ||
| 245 | 0 | _aIntroduction to the Constitution of India | |
| 260 |
_bVikas _aNew Delhi _c1995 |
||
| 630 | _xMBA LIBRARY | ||
| 650 |
_aConstitutional & administrative law _vLaw _xSocial sciencesManagement |
||
| 942 | _cBOOK | ||
| 999 |
_c49822 _d49822 |
||